000 00566nam a22002057a 4500
003 OSt
005 20240603053028.0
008 240603b |||||||| |||| 00| 0 eng d
020 _a9718589082
040 _aDWC- Main Lib
_cOC
082 _aFil. 696.1 F178p 2001
100 _aFajardo, Max B. Jr
245 _aPlumbing :
_bdesign and estimate /
_cMax B. Jr. Fajardo.
250 _a2nd ed.
260 _aManila :
_b5138 Merchandising,
_cc2001.
300 _aiv, 336 p. ;
_c21 cm.
504 _aIncludes references.
650 _a1. Plumbing.
942 _2ddc
_cBK - FIL
_n1
999 _c91
_d91